000 01312nam a22003737a 4500
003 CHAP
005 20220329140907.0
008 971013s1995 r 00010 d
010 _a59413
011 _a60385
035 _a64546
040 _cCHAP
090 _aTesis
100 0 0 _aCisneros Hernández, Patricia.
_923448
245 _aEfecto de la fecha de colecta y tipo de estaca de Atriplex canescens tratadas con raizol en la emisión de raíces
260 _aBermejillo, Dgo. :
_bEl autor,
_c1995
300 _a50 h.
502 _aTesis (Ing. Agr. Esp. en Zonas Aridas) -- UACH. Departamento de Zonas Aridas
590 _aALEPH
_b10
_c20130110
_lUCH01
_h1337
590 _aBATCH-UPD
_b10
_c20130110
_lUCH01
_h0140
590 _aBATCH-UPD
_b10
_c20130110
_lUCH01
_h0752
590 _aBATCH-UPD
_b10
_c20130409
_lUCH01
_h2138
590 _aBATCH-UPD
_b10
_c20130410
_lUCH01
_h1055
590 _aBATCH-UPD
_b10
_c20130914
_lUCH01
_h0425
590 _aCONVERSION
_b10
_c20130109
_lUCH01
_h1332
650 1 4 _aArbustos
_xPropagacion.
_96740
650 1 4 _aAtriplex canescens.
_98274
650 1 4 _aEnraizamiento.
_937013
650 1 4 _aFechas de cosecha.
_939903
901 _aBK
942 _cFOLL
949 _bBC
_cTES
_d-140978
_eTS1
_h28723
_i64546
_si
949 _bBC
_cTES
_d33724000077640
_eTS2
_fc.2
_h28724
_i64546
_si
999 _c59413
_d59413